000 01219cam a2200373 4500
008 090401t1992 xxu||||| |||| 00| 0 eng d
020 _a0860173526
035 _a(Sirsi) u53136
041 _aeng
050 _a631.2
100 _aMason, P.A.
245 _aFarm waste storage: guidelines for construction.
260 _aLondon
_bCIRIA
_c1992
300 _a252p. : ill. ; 30cm.
350 _a50
490 _aCIRIA Report
_v126
520 _aReport, produced for CIRIA by ADAS, which provides guidance on the design and construction of farm waste facilities in line with The Control of Pollution (Silage, Slurry and Agricultural Fuel Oil) Regulations 1991 and relevant British Standards. Includes advice on building materials and costs.
650 _aBUILT ENVIRONMENT-BUILDING COSTS
650 _aCONCRETE
650 _aDIRTY WATER
650 _aEFFLUENT
650 _aFARM POLLUTION
650 _aFARM WASTE
650 _aFARMING
650 _aLAGOONS
650 _aPITS
650 _aPOLLUTION
650 _aSILOS
650 _aTANKS
690 _aRURAL PRACTICE
710 _aConstruction Industry Research and Information Association
_94810
942 _n0
948 _c04/03/1997
999 _c93227
_d93227